| 000 | 00704nam a2200241 a 4500 | ||
|---|---|---|---|
| 001 | 61995 | ||
| 003 | BD-RjUL | ||
| 005 | 20211209081028.0 | ||
| 008 | 170122s1998 ii b s100 0 eng | ||
| 020 | _a8175441666 | ||
| 035 | _a(BD-RjUL)62120 | ||
| 040 |
_aDLC _cDLC _dBD-RjUL _beng |
||
| 041 | _aeng | ||
| 082 | 0 | 0 |
_a658.840954 _223 _bRAE 1998 |
| 100 | 1 |
_a Ramu, S. Shiva _9184483 |
|
| 245 | 1 | 0 |
_aExport marketing : _ba practical guide for exporters / _cS. Shiva Ramu. |
| 260 |
_aNew Delhi : _bWheeler Pub., _c1998. |
||
| 300 |
_axi,149 p. ; _c23 cm. |
||
| 504 | _aIncludes bibliographical references. | ||
| 650 | 0 |
_aExport marketing _zIndia _9184484 |
|
| 942 |
_2ddc _cBK |
||
| 999 |
_c61995 _d61995 |
||